MLB All-Stars - Hitters - Statistics

General Stats
  • This quiz has been taken 33 times
    23 since last reset
  • The average score is 170 of 235
Answer Stats
Year Pos Team Player % Correct
2025 OF Yankees Aaron Judge
94%
2024 OF Yankees Aaron Judge
94%
2023 OF Yankees Aaron Judge
94%
2022 OF Yankees Aaron Judge
94%
2021 OF Yankees Aaron Judge
94%
2025 1B Dodgers Freddie Freeman
94%
2024 1B Dodgers Freddie Freeman
94%
2023 1B Dodgers Freddie Freeman
94%
2022 1B Dodgers Freddie Freeman
94%
2021 1B Braves Freddie Freeman
94%
2025 DH Dodgers Shohei Ohtani
94%
2024 DH Dodgers Shohei Ohtani
94%
2023 DH Angels Shohei Ohtani
94%
2022 DH Angels Shohei Ohtani
94%
2021 DH Angels Shohei Ohtani
94%
2025 C Dodgers Will Smith
94%
2024 C Dodgers Will Smith
94%
2023 C Dodgers Will Smith
94%
2025 C Blue Jays Alejandro Kirk
88%
2022 C Blue Jays Alejandro Kirk
88%
2025 SS Royals Bobby Witt Jr.
88%
2024 SS Royals Bobby Witt Jr.
88%
2023 SS Blue Jays Bo Bichette
88%
2021 SS Blue Jays Bo Bichette
88%
2024 1B Phillies Bryce Harper
88%
2022 DH Phillies Bryce Harper
88%
2025 C Mariners Cal Raleigh
88%
2024 SS Rangers Corey Seager
88%
2023 SS Rangers Corey Seager
88%
2022 SS Rangers Corey Seager
88%
2024 DH Guardians David Fry
88%
2025 OF Padres Fernando Tatis Jr.
88%
2024 OF Padres Fernando Tatis Jr.
88%
2021 SS Padres Fernando Tatis Jr.
88%
2025 SS Mets Francisco Lindor
88%
2024 SS Orioles Gunnar Henderson
88%
2025 OF Tigers Javier Baez
88%
2024 2B Astros Jose Altuve
88%
2022 2B Astros Jose Altuve
88%
2021 2B Astros Jose Altuve
88%
2025 3B Guardians Jose Ramirez
88%
2024 3B Guardians Jose Ramirez
88%
2023 3B Guardians Jose Ramirez
88%
2022 3B Guardians Jose Ramirez
88%
2021 3B Indians Jose Ramirez
88%
2025 2B Diamondbacks Ketel Marte
88%
2024 2B Diamondbacks Ketel Marte
88%
2025 3B Padres Manny Machado
88%
2022 3B Padres Manny Machado
88%
2021 3B Padres Manny Machado
88%
2023 3B Cardinals Nolan Arenado
88%
2022 3B Cardinals Nolan Arenado
88%
2021 3B Cardinals Nolan Arenado
88%
2025 1B Mets Pete Alonso
88%
2024 1B Mets Pete Alonso
88%
2023 1B Mets Pete Alonso
88%
2022 1B Mets Pete Alonso
88%
2024 3B Red Sox Rafael Devers
88%
2022 3B Red Sox Rafael Devers
88%
2021 3B Red Sox Rafael Devers
88%
2025 OF Braves Ronald Acuna Jr.
88%
2023 OF Braves Ronald Acuna Jr.
88%
2022 OF Braves Ronald Acuna Jr.
88%
2021 OF Braves Ronald Acuna Jr.
88%
2024 C Royals Salvador Perez
88%
2023 C Royals Salvador Perez
88%
2021 C Royals Salvador Perez
88%
2022 OF Mets Starling Marte
88%
2024 SS Phillies Trea Turner
88%
2022 SS Dodgers Trea Turner
88%
2021 SS Nationals Trea Turner
88%
2025 1B Blue Jays Vladimir Guerrero Jr.
88%
2024 1B Blue Jays Vladimir Guerrero Jr.
88%
2023 1B Blue Jays Vladimir Guerrero Jr.
88%
2022 1B Blue Jays Vladimir Guerrero Jr.
88%
2021 1B Blue Jays Vladimir Guerrero Jr.
88%
2023 OF Rangers Adolis Garcia
82%
2021 OF Rangers Adolis Garcia
82%
2023 3B Braves Austin Riley
82%
2022 3B Braves Austin Riley
82%
2025 OF Twins Byron Buxton
82%
2022 OF Twins Byron Buxton
82%
2024 SS Twins Carlos Correa
82%
2021 SS Astros Carlos Correa
82%
2024 OF Brewers Christian Yelich
82%
2025 SS Reds Elly De La Cruz
82%
2024 SS Reds Elly De La Cruz
82%
2025 3B Diamondbacks Eugenio Suarez
82%
2025 SS Astros Jeremy Pena
82%
2024 OF Yankees Juan Soto
82%
2023 OF Padres Juan Soto
82%
2022 OF Nationals Juan Soto
82%
2021 OF Nationals Juan Soto
82%
2025 OF Mariners Julio Rodriguez
82%
2023 OF Mariners Julio Rodriguez
82%
2022 OF Mariners Julio Rodriguez
82%
2021 3B Dodgers Justin Turner
82%
2025 DH Phillies Kyle Schwarber
82%
2022 OF Phillies Kyle Schwarber
82%
2021 OF Nationals Kyle Schwarber
82%
2025 OF Cubs Kyle Tucker
82%
2024 OF Astros Kyle Tucker
82%
2023 OF Astros Kyle Tucker
82%
2022 OF Astros Kyle Tucker
82%
2025 3B Royals Maikel Garcia
82%
2024 DH Braves Marcell Ozuna
82%
2025 1B Braves Matt Olson
82%
2023 1B Braves Matt Olson
82%
2021 1B Athletics Matt Olson
82%
2023 OF Angels Mike Trout
82%
2022 OF Angels Mike Trout
82%
2021 OF Angels Mike Trout
82%
2024 SS Dodgers Mookie Betts
82%
2023 OF Dodgers Mookie Betts
82%
2022 OF Dodgers Mookie Betts
82%
2021 OF Dodgers Mookie Betts
82%
2022 1B Cardinals Paul Goldschmidt
82%
2024 DH Astros Yordan Alvarez
82%
2023 OF Astros Yordan Alvarez
82%
2022 DH Astros Yordan Alvarez
82%
2024 C Orioles Adley Rutschman
76%
2023 C Orioles Adley Rutschman
76%
2025 3B Red Sox Alex Bregman
76%
2025 OF Diamondbacks Corbin Carroll
76%
2023 OF Diamondbacks Corbin Carroll
76%
2023 C Rockies Elias Diaz
76%
2025 2B Yankees Jazz Chisholm
76%
2022 2B Marlins Jazz Chisholm Jr.
76%
2021 C Phillies J.T. Realmuto
76%
2024 1B Padres Luis Arraez
76%
2023 2B Marlins Luis Arraez
76%
2022 1B Twins Luis Arraez
76%
2024 2B Rangers Marcus Semien
76%
2023 2B Rangers Marcus Semien
76%
2021 2B Blue Jays Marcus Semien
76%
2023 2B Braves Ozzie Albies
76%
2021 2B Braves Ozzie Albies
76%
2024 OF Dodgers Teoscar Hernandez
76%
2021 OF Blue Jays Teoscar Hernandez
76%
2024 C Brewers William Contreras
76%
2022 DH Braves William Contreras
76%
2022 C Cubs Willson Contreras
76%
2023 1B Rays Yandy Diaz
76%
2024 3B Phillies Alec Bohm
71%
2024 OF Orioles Anthony Santander
71%
2021 SS Giants Brandon Crawford
71%
2021 C Giants Buster Posey
71%
2021 OF Orioles Cedric Mullins
71%
2023 SS Cubs Dansby Swanson
71%
2022 SS Braves Dansby Swanson
71%
2022 OF Blue Jays George Springer
71%
2022 OF Yankees Giancarlo Stanton
71%
2024 OF Red Sox Jarren Duran
71%
2023 C Rangers Jonah Heim
71%
2021 DH Twins Nelson Cruz
71%
2025 OF Mariners Randy Arozarena
71%
2023 OF Rays Randy Arozarena
71%
2022 SS Red Sox Xander Bogaerts
71%
2021 SS Red Sox Xander Bogaerts
71%
2025 2B Rays Brandon Lowe
65%
2025 DH Athletics Brent Rooker
65%
2023 DH Athletics Brent Rooker
65%
2022 1B Rockies C.J. Cron
65%
2025 2B Tigers Gleyber Torres
65%
2024 OF Padres Jackson Merrill
65%
2022 2B Padres Jake Cronenworth
65%
2021 2B Padres Jake Cronenworth
65%
2022 2B Mets Jeff McNeil
65%
2024 1B Guardians Josh Naylor
65%
2021 3B Cubs Kris Bryant
65%
2023 OF White Sox Luis Robert Jr.
65%
2021 1B Dodgers Max Muncy
65%
2025 OF Cubs Pete Crow-Armstrong
65%
2025 OF Guardians Steven Kwan
65%
2024 OF Guardians Steven Kwan
65%
2022 SS White Sox Tim Anderson
65%
2021 SS White Sox Tim Anderson
65%
2021 C Cardinals Yadier Molina
65%
2022 1B Cardinals Albert Pujols
59%
2022 2B Guardians Andres Gimenez
59%
2025 C Rockies Hunter Goodman
59%
2025 3B Rays Junior Caminero
59%
2023 OF Phillies Nick Castellanos
59%
2021 OF Reds Nick Castellanos
59%
2025 DH Orioles Ryan O'Hearn
59%
2023 SS Rays Wander Franco
59%
2024 OF Pirates Bryan Reynolds
53%
2021 OF Pirates Bryan Reynolds
53%
2024 SS Nationals C.J. Abrams
53%
2025 3B Astros Isaac Paredes
53%
2024 3B Rays Isaac Paredes
53%
2025 SS Athletics Jacob Wilson
53%
2025 OF Nationals James Wood
53%
2023 DH Marlins Jorge Soler
53%
2023 3B Rangers Josh Jung
53%
2021 OF Astros Michael Brantley
53%
2023 SS Braves Orlando Arcia
53%
2025 OF Tigers Riley Greene
53%
2024 OF Tigers Riley Greene
53%
2024 3B Rockies Ryan McMahon
53%
2023 C Braves Sean Murphy
53%
2025 2B Cardinals Brendan Donovan
47%
2023 SS Diamondbacks Geraldo Perdomo
47%
2022 OF Cubs Ian Happ
47%
2023 DH Dodgers J.D. Martinez
47%
2022 DH Red Sox J.D. Martinez
47%
2021 DH Red Sox J.D. Martinez
47%
2022 C Yankees Jose Trevino
47%
2025 OF Marlins Kyle Stowers
47%
2023 OF Diamondbacks Lourdes Gurriel Jr.
47%
2022 DH Tigers Miguel Cabrera
47%
2023 2B Blue Jays Whit Merrifield
47%
2021 2B Royals Whit Merrifield
47%
2021 2B Pirates Adam Frazier
41%
2021 OF Dodgers Chris Taylor
41%
2021 1B Angels Jared Walsh
41%
2021 OF Reds Jesse Winker
41%
2021 C Rays Mike Zunino
41%
2022 C Braves Travis d'Arnaud
41%
2022 1B Mariners Ty France
35%
2023 OF Orioles Austin Hays
29%
2021 3B Diamondbacks Eduardo Escobar
29%
2022 OF Giants Joc Pederson
29%
2025 1B Rays Jonathan Aranda
29%
2024 2B Orioles Jordan Westburg
29%
2024 OF Padres Jurickson Profar
29%
2021 C Brewers Omar Narvaez
29%
2024 INF Twins Willi Castro
29%
2022 OF Royals Andrew Benintendi
24%
2024 OF Giants Heliot Ramos
24%
2021 OF Rangers Joey Gallo
18%
2021 SS Rays Joey Wendle
18%
2022 2B Blue Jays Santiago Espinal
12%
2025 3B Tigers Zach McKinstry
12%
2022 DH Marlins Garrett Cooper
6%
No matching quizzes found
Score Distribution
Percent of People with Each Score
Percentile by Number Answered
Your Score History
You have not taken this quiz since the last reset